Nursing ... drug handbook. (Record no. 5475)
[ view plain ]
| 000 -LEADER | |
|---|---|
| fixed length control field | 02523cas a2200565 a 4500 |
| 001 - CONTROL NUMBER | |
| control field | ocm07046728 |
| 003 - CONTROL NUMBER IDENTIFIER | |
| control field | OCoLC |
| 005 - DATE AND TIME OF LATEST TRANSACTION | |
| control field | 20220704092102.0 |
| 008 - FIXED-LENGTH DATA ELEMENTS--GENERAL INFORMATION | |
| fixed length control field | 810105c19819999pauar f 0 a0eng c |
| 010 ## - LIBRARY OF CONGRESS CONTROL NUMBER | |
| LC control number | 86650576 |
| Canceled/invalid LC control number | sn 81000021 |
| 016 7# - NATIONAL BIBLIOGRAPHIC AGENCY CONTROL NUMBER | |
| Record control number | 8508425 |
| Source | DNLM |
| 016 7# - NATIONAL BIBLIOGRAPHIC AGENCY CONTROL NUMBER | |
| Record control number | SR0053425 |
| Source | DNLM |
| 020 ## - INTERNATIONAL STANDARD BOOK NUMBER | |
| International Standard Book Number | 0874347068 |
| 022 0# - INTERNATIONAL STANDARD SERIAL NUMBER | |
| International Standard Serial Number | 0273-320X |
| ISSN-L | 0273-320X |
| Source | 1 |
| 035 ## - SYSTEM CONTROL NUMBER | |
| System control number | (OCoLC)7046728 |
| 040 ## - CATALOGING SOURCE | |
| Original cataloging agency | NSD |
| Language of cataloging | eng |
| Transcribing agency | ALUPE UNIVERSITY |
| Modifying agency | IUL |
| -- | NSD |
| -- | VET |
| -- | NST |
| -- | VET |
| -- | NST |
| -- | IUL |
| -- | NST |
| -- | NLM |
| -- | DLC |
| -- | NST |
| -- | DLC |
| -- | NST |
| -- | HUL |
| -- | GUA |
| -- | OCL |
| -- | IUL |
| -- | OCLCQ |
| -- | DLC |
| -- | NSD |
| -- | NLM |
| -- | OCLCQ |
| -- | HU6 |
| -- | CDS |
| -- | OCLCQ |
| -- | UPM |
| 042 ## - AUTHENTICATION CODE | |
| Authentication code | nsdp |
| -- | pcc |
| 049 ## - LOCAL HOLDINGS (OCLC) | |
| Holding library | JF0A |
| 050 00 - LIBRARY OF CONGRESS CALL NUMBER | |
| Classification number | RM301 |
| Item number | .N87 1995 |
| 060 00 - NATIONAL LIBRARY OF MEDICINE CALL NUMBER | |
| Classification number | QV 39 |
| Item number | N9735 |
| 090 ## - LOCALLY ASSIGNED LC-TYPE CALL NUMBER (OCLC); LOCAL CALL NUMBER (RLIN) | |
| Classification number (OCLC) (R) ; Classification number, CALL (RLIN) (NR) | RM301 |
| Local cutter number (OCLC) ; Book number/undivided call number, CALL (RLIN) | .N87 |
| 210 0# - ABBREVIATED TITLE | |
| Abbreviated title | Nurs. drug. handb. |
| Qualifying information | (Print) |
| 222 #0 - KEY TITLE | |
| Key title | Nursing drug handbook |
| Qualifying information | (Print) |
| 245 00 - TITLE STATEMENT | |
| Title | Nursing ... drug handbook. |
| 246 13 - VARYING FORM OF TITLE | |
| Title proper/short title | NDH. |
| 246 18 - VARYING FORM OF TITLE | |
| Title proper/short title | Drug handbook. |
| 260 ## - PUBLICATION, DISTRIBUTION, ETC. | |
| Place of publication, distribution, etc. | Springhouse |
| Name of publisher, distributor, etc. | Barbara McVan,RN |
| Date of publication, distribution, etc. | c1995 |
| 300 ## - PHYSICAL DESCRIPTION | |
| Extent | viii,,1336p. |
| Other physical details | ill. ; |
| Dimensions | 20 cm. |
| 310 ## - CURRENT PUBLICATION FREQUENCY | |
| Current publication frequency | Annual. |
| 362 0# - DATES OF PUBLICATION AND/OR SEQUENTIAL DESIGNATION | |
| Dates of publication and/or sequential designation | 1995 |
| 500 ## - GENERAL NOTE | |
| General note | Title on computer disk: Nursing ... drugdisk; <1995-2006> on mini-CD: NDH plus. |
| 500 ## - GENERAL NOTE | |
| General note | Published: Springhouse, Pa. : Springhouse Corporation, <1995->; Philadelphia : Lippincott Williams & Wilkins, <2004-> |
| 501 ## - WITH NOTE | |
| With note | Includes index |
| 515 ## - NUMBERING PECULIARITIES NOTE | |
| Numbering peculiarities note | Vols. for <2003-> called <23rd ed.->. |
| 520 8# - SUMMARY, ETC. | |
| Summary, etc. | Intended to provide nurses with drug information that emphasizes clinical aspects rather than pharmacology. Topical arrangement in sections; entries give such information as indications, dosage, and nursing considerations. Asterisks indicate availability of brands in the United States and Canada. Index. |
| 525 ## - SUPPLEMENT NOTE | |
| Supplement note | 1998- issued with computer disk (3 1/2 in.); <2000-2006> with mini-CD (3 in.). |
| 530 ## - ADDITIONAL PHYSICAL FORM AVAILABLE NOTE | |
| Additional physical form available note | Also available on CD-ROM. |
| 538 ## - SYSTEM DETAILS NOTE | |
| System details note | System requirements for accompanying computer optical disk: Windows 95 or higher; Pentium 90 or higher; 16 MB RAM; 10 MB free hard-disk space; 256 color display adapter (16-bit color recommended); CD-ROM drive and mouse. |
| 588 ## - SOURCE OF DESCRIPTION NOTE | |
| Source of description note | Latest issue consulted: 33rd ed. (2013). |
| 650 #0 - SUBJECT ADDED ENTRY--TOPICAL TERM | |
| Topical term or geographic name entry element | Drugs |
| Form subdivision | Handbooks, manuals, etc. |
| 650 #0 - SUBJECT ADDED ENTRY--TOPICAL TERM | |
| Topical term or geographic name entry element | Pharmacology |
| Form subdivision | Handbooks, manuals, etc. |
| 650 #0 - SUBJECT ADDED ENTRY--TOPICAL TERM | |
| Topical term or geographic name entry element | Nursing |
| Form subdivision | Handbooks, manuals, etc. |
| 650 #0 - SUBJECT ADDED ENTRY--TOPICAL TERM | |
| Topical term or geographic name entry element | Drugs |
| General subdivision | Administration |
| Form subdivision | Handbooks, manuals, etc. |
| 650 #2 - SUBJECT ADDED ENTRY--TOPICAL TERM | |
| Topical term or geographic name entry element | Drug Therapy |
| General subdivision | nursing |
| Form subdivision | Handbooks. |
| 650 #2 - SUBJECT ADDED ENTRY--TOPICAL TERM | |
| Topical term or geographic name entry element | Nursing |
| Form subdivision | Handbooks. |
| 740 0# - ADDED ENTRY--UNCONTROLLED RELATED/ANALYTICAL TITLE | |
| Uncontrolled related/analytical title | Nursing ... drugdisk. |
| 740 0# - ADDED ENTRY--UNCONTROLLED RELATED/ANALYTICAL TITLE | |
| Uncontrolled related/analytical title | NDH plus. |
| 780 00 - PRECEDING ENTRY | |
| Title | Nurse's guide to drugs. |
| 942 ## - ADDED ENTRY ELEMENTS (KOHA) | |
| Source of classification or shelving scheme | |
| Koha item type | Book |
| Suppress in OPAC | AB |
| Withdrawn status | Lost status | Source of classification or shelving scheme | Damaged status | Not for loan | Permanent Location | Current Location | Shelving location | Date acquired | Source of acquisition | Total Checkouts | Full call number | Barcode | Date last seen | Price effective from | Koha item type | Public note | Copy number |
|---|---|---|---|---|---|---|---|---|---|---|---|---|---|---|---|---|---|
| AU LIBRARY | AU LIBRARY | Open Shelf | 19.04.2022 | DONATION FROM MOI UNIVERSITY | RM301 .N87 1995 | 28009293 | 19.04.2022 | 19.04.2022 | Book | AB | |||||||
| AU LIBRARY | AU LIBRARY | Open Shelf | 19.04.2022 | DONATION FROM MOI UNIVERSITY | RM301 .N87 1995 C2 | 28009296 | 19.04.2022 | 19.04.2022 | Book | AB | 2 | ||||||
| AU LIBRARY | AU LIBRARY | Open Shelf | 20.04.2022 | DONATION FROM MOI UNIVERSITY | RM301 .N87 1995 C3 | 28007990 | 20.04.2022 | 20.04.2022 | Book | MM | 3 |